[Event "ROM-ch (Women)"]
[Site "Baile Olanesti"]
[Date "2010.02.07"]
[Round "9"]
[White "Vasilescu, Maria"]
[Black "Anton, Roxana Ana"]
[Result "0-1"]
[WhiteElo "1780"]
[BlackElo "1774"]
[PlyCount "88"]
[EventDate "2010.01.31"]
[EventType "swiss"]
[EventRounds "9"]
[EventCountry "ROU"]
[SourceTitle "CBM 134 Extra"]
[Source "ChessBase"]
[SourceDate "2010.03.03"]
[SourceVersion "1"]
[SourceVersionDate "2010.03.03"]
[SourceQuality "1"]

1. e4 e6 2. d4 d5 3. Nd2 Nf6 4. e5 Nfd7 5. Bd3 c5 6. c3 Nc6 7. Ngf3 Be7 8. Nf1 cxd4 9. cxd4 Qb6 10. a3 Nxd4 11. N1d2 Nc6 12. Qe2 Qc7 13. 0-0 Ncxe5 14. Bb1 Ng6 15. g3 Nf6 16. b4 0-0 17. Bb2 Qd8 18. h4 Re8 19. Ng5 Nf8 20. Kg2 h6 21. Rh1 N6h7 22. f4 Bf6 23. Qh5 Re7 24. Be5 Bxe5 25. fxe5 Qe8 26. Qe2 Bd7 27. Bd3 a6 28. Nxh7 Nxh7 29. Bxh7+ Kxh7 30. g4 f6 31. exf6 gxf6 32. g5 Qg6 33. Nf3 h5 34. Kf2 e5 35. gxf6 Qxf6 36. Qc2+ Bf5 37. Ng5+ Qxg5 38. hxg5 Bxc2 39. Rxh5+ Kg6 40. Rah1 d4 41. Kg3 Kg7 42. Rh6 Bg6 43. Rf1 Rf7 44. Re1 e4 0-1